[Event "East Lansing (MOR/2/40)"]
[Site "?"]
[Date "1995.??.??"]
[Round "?"]
[White "Woods, O."]
[Black "Vorhauer, Sam"]
[Result "0-1"]
[WhiteElo "1605"]
[BlackElo "1605"]
[PlyCount "112"]
[EventDate "1995.??.??"]

{2/(40)} 1. d4 d6 2. c4 Nd7 3. Nc3 e5 4. e3 Ngf6 5. Bd3 c6 6. Nge2 Be7 7. O-O
O-O 8. d5 c5 9. f4 exf4 10. Rxf4 Nh5 11. Rf2 Ne5 12. Nf4 Bg4 13. Qc2 Nf6 14. h3
Bd7 15. Ne4 Nxe4 16. Bxe4 f5 17. Bd3 g6 18. b3 Bh4 19. Rf1 Bg3 20. Bb2 Qe7 21.
e4 fxe4 22. Nxg6 Nxg6 23. Bxe4 Qg5 24. Qc3 Be5 25. Qc2 Qe3+ 26. Kh1 Qg3 27.
Bxe5 dxe5 28. Rf3 Rxf3 29. Bxf3 Rf8 30. Rf1 Bf5 31. Qe2 e4 32. Bxe4 Bxe4 33.
Rxf8+ Kxf8 34. Qxe4 Qe5 35. Qf3+ Qf4 36. Qc3 Qf2 37. g3 Kf7 38. Qd3 Kg7 39. d6
Ne5 40. Qc3 Qf1+ 41. Kh2 Qf6 42. d7 Nxd7 43. Qa5 Ne5 44. Qxc5 Nf3+ 45. Kg2 Ne1+
46. Kg1 Nd3 47. Qxa7 Qa1+ 48. Kg2 Qb2+ 49. Kf3 Qf6+ 50. Ke4 Qg6+ 51. Kd5 Qf5+
52. Kd6 Qe5+ 53. Kd7 Nc5+ 54. Kd8 Qd6+ 55. Kc8 Qd7+ 56. Kb8 Qd8# 0-1

[Event "Detroit (WCO/5/7)"]
[Site "?"]
[Date "1995.??.??"]
[Round "?"]
[White "Woods, O."]
[Black "Smeckert, Dennis"]
[Result "0-1"]
[WhiteElo "1605"]
[BlackElo "1605"]
[PlyCount "94"]
[EventDate "1995.??.??"]

{5/(7)} 1. d4 d5 2. c4 e5 3. dxe5 d4 4. Nf3 Nc6 5. e3 Bb4+ 6. Bd2 dxe3 7. Bxb4
exf2+ 8. Ke2 Qxd1+ 9. Kxd1 Nxb4 10. a3 Nc6 11. Ke2 Be6 12. Kxf2 Nge7 13. Bd3
O-O-O 14. Be2 Ng6 15. Nc3 Ncxe5 16. Nxe5 Nxe5 17. c5 Rd2 18. b4 Rc2 19. Rhc1
Nd3+ 20. Ke3 Rxc1 21. Rxc1 Nxc1 22. Bd1 Rd8 23. Bc2 Bb3 24. Bxb3 Rd3+ 25. Kf2
Rxc3 26. Bxf7 Rxa3 27. Bg8 h6 28. b5 c6 29. bxc6 bxc6 30. h3 a5 31. Ke1 Nd3+
32. Kd2 Nxc5 33. Kc2 a4 34. Kb2 Rg3 35. Bc4 Rxg2+ 36. Ka3 Kc7 37. Bf1 Rg3+ 38.
Ka2 Kb6 39. Kb2 Ka5 40. Ka2 Kb4 41. Kb2 Rf3 42. Be2 Rf2 43. h4 Rxe2+ 44. Kb1
Nd3 45. h5 g6 46. hxg6 Kb3 47. g7 Re1# 0-1

[Event "Detroit (MI Team/4/3/3)"]
[Site "?"]
[Date "1995.??.??"]
[Round "?"]
[White "Woods, O."]
[Black "McNeil, Yaking"]
[Result "0-1"]
[WhiteElo "1605"]
[BlackElo "1605"]
[PlyCount "140"]
[EventDate "1995.??.??"]

{4/3} 1. d4 c5 2. dxc5 Na6 3. Be3 e6 4. Qd4 Qa5+ 5. Bd2 Qxc5 6. Qxc5 Nxc5 7. e3
Ne4 8. Nf3 Ngf6 9. Be2 Be7 10. O-O O-O 11. Bd3 Nxd2 12. Nbxd2 b6 13. Ne4 Bb7
14. Nxf6+ Bxf6 15. Nd4 e5 16. Ne2 e4 17. Bb5 Rac8 18. c3 d6 19. Rfd1 Rc5 20.
Bd7 Rd8 21. Bh3 Rb5 22. b4 Bd5 23. Rd2 Bc4 24. Ng3 Bxc3 25. Rc2 Bxa1 26. Rxc4
d5 27. Rc1 Be5 28. a3 Bb2 29. Rc7 Bxa3 30. Rxa7 Bxb4 31. Nh5 Bd6 32. g3 Rb1+
33. Kg2 b5 34. Rb7 b4 35. Nf4 Bxf4 36. gxf4 b3 37. Bd7 b2 38. Ba4 Ra1 39. Bc2
Rc1 40. Rxb2 g6 41. Ba4 d4 42. Rd2 d3 43. f3 Rdc8 44. fxe4 R8c2 45. Bxc2 Rxc2
46. Rf2 d2 47. Rxd2 Rxd2+ 48. Kf3 Rxh2 49. Kg4 Kg7 50. f5 h5+ 51. Kg5 gxf5 52.
Kxf5 Re2 53. Kf4 Rg2 54. e5 h4 55. Kf5 h3 56. e6 fxe6+ 57. Kxe6 Re2 58. Kf5
Rxe3 59. Kg4 Re1 60. Kxh3 Rg1 61. Kh2 Rg6 62. Kh3 Kf6 63. Kh4 Rg5 64. Kh3 Kf5
65. Kh4 Kf4 66. Kh3 Rg4 67. Kh2 Rg3 68. Kh1 Kf3 69. Kh2 Kf2 70. Kh1 Rh3# 0-1

[Event "East Lansing (MOR/6/35)"]
[Site "?"]
[Date "1995.??.??"]
[Round "?"]
[White "Woods, O."]
[Black "Hill, Brad"]
[Result "0-1"]
[WhiteElo "1605"]
[BlackElo "1605"]
[PlyCount "82"]
[EventDate "1995.??.??"]

{6/(35)} 1. d4 Nf6 2. c4 c5 3. d5 b5 4. cxb5 a6 5. bxa6 g6 6. Nc3 Bxa6 7. e4
Bxf1 8. Kxf1 Bg7 9. Nf3 d6 10. Ke2 Nbd7 11. Re1 O-O 12. Kf1 Qc7 13. Be3 Rfb8
14. Qd2 Qb7 15. b3 Nb6 16. Rac1 Ng4 17. Bg5 c4 18. Bxe7 Qxe7 19. h3 Bh6 20. Qd1
Bxc1 21. Qxc1 Ne5 22. Ng1 Nd3 23. Qd2 Nxe1 24. Kxe1 cxb3 25. axb3 Ra1+ 26. Nd1
Qxe4+ 27. Kf1 Qxd5 28. Ke1 Qxd2+ 29. Kxd2 Nd5 30. Nf3 Rxb3 31. Nd4 Ra2+ 32. Nc2
Nb4 33. Nde3 Rxe3 34. fxe3 Rxc2+ 35. Kd1 f5 36. g3 Kf7 37. h4 Ke6 38. e4 fxe4
39. g4 e3 40. g5 e2+ 41. Ke1 Nd3# 0-1

[Event "East Lansing (Class DE/2/6)"]
[Site "?"]
[Date "1995.??.??"]
[Round "?"]
[White "Woods, O."]
[Black "Fredenburg, Jeff"]
[Result "0-1"]
[WhiteElo "1605"]
[BlackElo "1605"]
[PlyCount "64"]
[EventDate "1995.??.??"]

{2/(6)} 1. d4 Nf6 2. c4 c5 3. d5 b5 4. e3 bxc4 5. Bxc4 d6 6. Qa4+ Bd7 7. Qd1 g6
8. Nf3 Bg7 9. Nc3 Bg4 10. h3 Bxf3 11. Qxf3 O-O 12. O-O Nbd7 13. e4 Ne5 14. Qe2
Rb8 15. f4 Nxc4 16. Qxc4 Rb4 17. Qe2 Nd7 18. f5 Ne5 19. fxg6 fxg6 20. a3 Rb3
21. Rxf8+ Qxf8 22. Qc2 Qb8 23. Rb1 Nc4 24. a4 Bxc3 25. Bh6 Bd4+ 26. Kh2 Na3 27.
Qd1 Nxb1 28. Qxb1 Rxb2 29. Qf1 Rf2 30. Qe1 Qb2 31. Qa5 Rxg2+ 32. Kh1 Rh2# 0-1

[Event "East Lansing (MOR/7/36)"]
[Site "?"]
[Date "1995.??.??"]
[Round "?"]
[White "Woods, O."]
[Black "Crysler, Jerry"]
[Result "0-1"]
[WhiteElo "1605"]
[BlackElo "1605"]
[PlyCount "108"]
[EventDate "1995.??.??"]

{7/(36)} 1. d4 e6 2. c4 d6 3. e4 Be7 4. Nf3 Nd7 5. Nc3 Bf6 6. Be2 Ne7 7. O-O
Ng6 8. Be3 O-O 9. b4 Nh4 10. c5 Nxf3+ 11. Bxf3 dxc5 12. bxc5 Nxc5 13. e5 Nd7
14. exf6 Nxf6 15. Bf4 c6 16. Rb1 Qa5 17. Qb3 Qf5 18. Be5 Nd5 19. Na4 b6 20.
Bxd5 exd5 21. Qa3 Rd8 22. Nxb6 f6 23. Bc7 axb6 24. Qxa8 Re8 25. Rxb6 Re7 26.
Rxc6 Re8 27. h3 Qg6 28. Kh1 Bxh3 29. Qxe8+ Qxe8 30. Rfc1 Qe4 31. f3 Bxg2+ 32.
Kxg2 Qxd4 33. Ba5 Qb2+ 34. Kg3 h5 35. Rc8+ Kh7 36. R1c2 Qe5+ 37. Kg2 h4 38. Kf1
Qf5 39. Ke2 d4 40. R2c5 Qe6+ 41. Kd3 Qe3+ 42. Kc4 Qxf3 43. Kxd4 h3 44. Rc2 Qf4+
45. Kd3 h2 46. R8c4 Qf3+ 47. Kd4 h1=Q 48. Kc5 Qhh5+ 49. Kb4 Qb7+ 50. Ka4 Qe8+
51. Ka3 Qeb5 52. Rh4+ Kg8 53. Rb4 Qxa5+ 54. Kb3 Qaxb4# 0-1

[Event "East Lansing (Class DE/4/17)"]
[Site "?"]
[Date "1995.??.??"]
[Round "?"]
[White "Woods, O."]
[Black "Belill, Nathan"]
[Result "0-1"]
[WhiteElo "1605"]
[BlackElo "1605"]
[PlyCount "84"]
[EventDate "1995.??.??"]

{4/(17)} 1. d4 Nf6 2. c4 g6 3. Nc3 Bg7 4. e4 d6 5. Nf3 O-O 6. Be3 c5 7. d5 Qa5
8. Qc1 Nxe4 9. Bd3 Nxc3 10. Bh6 Nxa2+ 11. Bd2 Nxc1 12. Bxa5 Nxd3+ 13. Ke2 Nxb2
14. Rhc1 Nxc4 15. Rxc4 Bxa1 16. Bc3 Bxc3 17. Rxc3 Bg4 18. h3 Bxf3+ 19. Rxf3 Nd7
20. Re3 Ne5 21. f4 Nc4 22. Rxe7 Rae8 23. Rxe8 Rxe8+ 24. Kd3 Nb6 25. g4 Rc8 26.
f5 c4+ 27. Kc2 Nxd5 28. fxg6 fxg6 29. h4 Ne3+ 30. Kc3 d5 31. g5 Nf5 32. Kc2 d4
33. Kd2 c3+ 34. Kc2 Ne3+ 35. Kc1 d3 36. h5 d2+ 37. Kb1 c2+ 38. Ka2 c1=Q 39. h6
Qc2+ 40. Ka3 Nc4+ 41. Kb4 d1=Q 42. Kb5 Qdb1# 0-1

[Event "East Lansing (Class DE/2/17)"]
[Site "?"]
[Date "1995.??.??"]
[Round "?"]
[White "Woods, I."]
[Black "Williams, C."]
[Result "0-1"]
[WhiteElo "1605"]
[BlackElo "1605"]
[PlyCount "42"]
[EventDate "1995.??.??"]

{2/(17)} 1. c4 f5 2. Nc3 Nf6 3. g3 g6 4. Bg2 Bg7 5. d4 O-O 6. a3 d6 7. Nh3 Qe8
8. Nf4 e5 9. dxe5 dxe5 10. Nfd5 Na6 11. O-O c6 12. Nxf6+ Bxf6 13. e4 Be6 14. b3
Rd8 15. Qc2 Bg7 16. Be3 b6 17. Na4 f4 18. Bxb6 axb6 19. Nxb6 f3 20. Bh1 Nc5 21.
b4 Qf7 {[Remainder illegible; 0-1, 41?]} 0-1

[Event "East Lansing (MOR/6/37)"]
[Site "?"]
[Date "1995.??.??"]
[Round "?"]
[White "Woods, I."]
[Black "Waters, R."]
[Result "0-1"]
[WhiteElo "1605"]
[BlackElo "1605"]
[PlyCount "52"]
[EventDate "1995.??.??"]

{6/(37)} 1. e4 e5 2. Nc3 Nf6 3. Bc4 Bc5 4. Nge2 O-O 5. f4 Ng4 6. fxe5 Nf2 7. d4
Nxd1 8. dxc5 Nxc3 9. Nxc3 d6 10. cxd6 cxd6 11. exd6 Qxd6 12. O-O Qc5+ 13. Kh1
Qxc4 14. Bf4 Bd7 15. Rad1 Na6 16. Rf2 Bg4 17. Rdd2 Rad8 18. Rxd8 Rxd8 19. a3
Qxc3 20. h3 Qe1+ 21. Kh2 Qxf2 22. Bg3 Qf1 23. hxg4 Rd2 24. Kh3 Qh1+ 25. Bh2 g5
26. Kg3 Qxg2# 0-1

[Event "East Lansing (MOR/1b/16)"]
[Site "?"]
[Date "1995.??.??"]
[Round "?"]
[White "Woods, I."]
[Black "Pointer, Gilbert"]
[Result "1-0"]
[WhiteElo "1605"]
[BlackElo "1605"]
[PlyCount "129"]
[EventDate "1995.??.??"]

1. e4 d6 2. Nc3 Nf6 3. d4 g6 4. Bd3 Bg7 5. Nge2 Nc6 6. f4 O-O 7. d5 Nb4 8. a3
Nxd3+ 9. Qxd3 c6 10. dxc6 bxc6 11. Be3 Ng4 12. O-O-O a5 13. h3 Ba6 14. Qd2 Nf6
15. Na4 Nxe4 16. Bb6 Qd7 17. Qe3 Qe6 18. Bxa5 Qc4 19. Nac3 f5 20. b3 Qe6 21.
Nd4 Qd7 22. Nxe4 fxe4 23. Qxe4 d5 24. Qe6+ Qxe6 25. Nxe6 Rf6 26. Nxg7 Kxg7 27.
Bc7 Be2 28. Rde1 Rxa3 29. Kb2 Ra7 30. Be5 Bb5 31. Bxf6+ Kxf6 32. Re5 h6 33. h4
h5 34. Ra1 Rc7 35. Kc3 e6 36. Kb4 Rc8 37. c4 Rb8 38. cxb5 Rxb5+ 39. Kc3 Rc5+
40. Kd3 Rb5 41. Rb1 c5 42. Kc2 Rb4 43. g3 c4 44. bxc4 Rxc4+ 45. Kd3 Ra4 46. Rb3
Ra1 47. Rb6 Ra3+ 48. Kd4 Ra4+ 49. Kc3 Ra3+ 50. Kb2 Rxg3 51. Rbxe6+ Kf7 52. Re3
Rg2+ 53. Kc3 Rg4 54. R6e5 d4+ 55. Kxd4 Rxf4+ 56. R3e4 Rf1 57. Rd5 Kf6 58. Rd6+
Kg7 59. Re7+ Kh6 60. Re5 Ra1 61. Rg5 Ra4+ 62. Kc3 Rg4 63. Rdxg6+ Kh7 64. Rxg4
hxg4 65. Rxg4 1-0

[Event "East Lansing (Class DE/5/22)"]
[Site "?"]
[Date "1995.??.??"]
[Round "?"]
[White "Woods, I."]
[Black "Lueer, Michael"]
[Result "1-0"]
[WhiteElo "1605"]
[BlackElo "1605"]
[PlyCount "95"]
[EventDate "1995.??.??"]

{5/(22)} 1. d4 g6 2. c4 Bg7 3. e4 d6 4. Nc3 Nf6 5. Nf3 O-O 6. Be2 c5 7. d5 Ng4
8. h3 Bxc3+ 9. bxc3 Nf6 10. O-O Nxe4 11. Qd3 Nf6 12. Bh6 Bf5 13. Qe3 Re8 14.
Nh4 e6 15. dxe6 Rxe6 16. Qf3 Nh5 17. Nxf5 gxf5 18. Qxh5 Rg6 19. Bd3 Qf6 20. Be3
Qxc3 21. Bxf5 Rf6 22. Qxh7+ Kf8 23. Rfe1 Nc6 24. Bh6+ Rxh6 25. Qxh6+ Qg7 26.
Qxd6+ Kg8 27. Qxc5 Qf8 28. Qxf8+ Kxf8 29. g4 Nd4 30. Re4 Nf3+ 31. Kg2 Nh4+ 32.
Kg3 Nxf5+ 33. gxf5 Rc8 34. Kg4 a6 35. a4 b5 36. axb5 axb5 37. cxb5 Rc2 38. f6
Kg8 39. Ra8+ Kh7 40. Kg3 Kg6 41. Rg4+ Kxf6 42. Ra6+ Ke5 43. Rg5+ f5 44. f4+ Ke4
45. Ra4+ Kd3 46. Rxf5 Rc4 47. Rxc4 Kxc4 48. b6 1-0

[Event "East Lansing (MOR/3/26)"]
[Site "?"]
[Date "1995.??.??"]
[Round "?"]
[White "Woods, I."]
[Black "Hayes, P."]
[Result "0-1"]
[WhiteElo "1605"]
[BlackElo "1605"]
[PlyCount "56"]
[EventDate "1995.??.??"]

{3/(26)} 1. e4 e5 2. Nc3 Nf6 3. Bc4 Bc5 4. f4 exf4 5. d4 Bb4 6. Nge2 Nxe4 7.
Bxf4 O-O 8. a3 Nxc3 9. Nxc3 Re8+ 10. Kf2 Bxc3 11. bxc3 d5 12. Bd3 c6 13. Qh5 g6
14. Qh6 Qf6 15. Rhe1 Re6 16. Kg1 Qg7 17. Rxe6 Bxe6 18. Qg5 Nd7 19. Rb1 b5 20.
Rb4 a5 21. Rb3 Re8 22. a4 f6 23. Qh4 g5 24. Bxg5 fxg5 25. Qh5 Bf7 26. Qg4 Nf6
27. Qf5 Be6 28. Qh3 Bxh3 0-1

[Event "East Lansing (Beg/3/11)"]
[Site "?"]
[Date "1995.??.??"]
[Round "?"]
[White "Wood, C."]
[Black "Strimpel, D."]
[Result "0-1"]
[WhiteElo "1605"]
[BlackElo "1605"]
[PlyCount "104"]
[EventDate "1995.??.??"]

{3/(11)} 1. e4 e5 2. Nf3 Nc6 3. Nc3 Bc5 4. Nxe5 Nxe5 5. d4 Bxd4 6. Qxd4 d6 7.
Bb5+ c6 8. f4 Ng4 9. Qxg7 N8f6 10. Qxh8+ Ke7 11. Qxd8+ Kxd8 12. O-O cxb5 13. f5
b4 14. Nb5 Nxe4 15. Bf4 Bd7 16. Nxd6 Nxd6 17. Bxd6 Ne3 18. Rf3 Nxc2 19. Re1
Nxe1 20. Re3 Nc2 21. Be7+ Kc7 22. Re4 Re8 23. Rc4+ Bc6 24. f6 Ne3 25. Rd4 Nf5
26. Rxb4 Nxe7 27. fxe7 Rxe7 28. Rf4 Bd5 29. Rf5 Bxa2 30. Rc5+ Kb6 31. Rc1 Re2
32. h4 Bd5 33. Kf1 Rxg2 34. Rd1 Bc4+ 35. Ke1 Rxb2 36. Rd6+ Kc5 37. Rd7 Be6 38.
Re7 Bc4 39. Rc7+ Kd6 40. Rxc4 b5 41. Ra4 bxa4 42. Kd1 Rh2 43. Kc1 Rxh4 44. Kb2
Rh3 45. Kc2 a3 46. Kd2 f5 47. Kc1 f4 48. Kb1 f3 49. Kc1 f2 50. Kb1 f1=Q+ 51.
Kc2 Qe2+ 52. Kb1 Rh1# 0-1

[Event "Detroit (WCO/1/11)"]
[Site "?"]
[Date "1995.??.??"]
[Round "?"]
[White "Wood, C."]
[Black "Smeckert, Dennis"]
[Result "1-0"]
[WhiteElo "1605"]
[BlackElo "1605"]
[PlyCount "60"]
[EventDate "1995.??.??"]

{1/(11)} 1. c4 e5 2. Nc3 Nf6 3. g3 a6 4. Bg2 Bc5 5. d3 d6 6. Nf3 Be6 7. O-O O-O
8. Ng5 c6 9. Be3 Ba7 10. Qd2 d5 11. Bxa7 Rxa7 12. c5 d4 13. Nce4 Nxe4 14. Nxe4
Nd7 15. Rfc1 Qe7 16. b4 Nf6 17. Nd6 Ne8 18. Ne4 h6 19. h4 f5 20. Nd6 Nxd6 21.
cxd6 Qxd6 22. f4 exf4 23. Qxf4 Qxf4 24. gxf4 Raa8 25. Rc5 Rae8 26. Re5 Kh7 27.
h5 Bd5 28. Bxd5 Rxe5 29. fxe5 cxd5 30. Rc1 Rf7 1-0

[Event "East Lansing (Beg/2/16)"]
[Site "?"]
[Date "1995.??.??"]
[Round "?"]
[White "Wood, C."]
[Black "Kenworthy, K."]
[Result "1-0"]
[WhiteElo "1605"]
[BlackElo "1605"]
[PlyCount "51"]
[EventDate "1995.??.??"]

{2/(16)} 1. e4 e5 2. Nf3 Nc6 3. Nc3 Nf6 4. Bc4 Bc5 5. Nxe5 Nxe5 6. d4 Nxc4 7.
dxc5 Qe7 8. f3 Qxc5 9. Bf4 Nxb2 10. Qd2 O-O 11. Rb1 Qa3 12. O-O b6 13. Bxc7 Ba6
14. Rfe1 Nc4 15. Qd4 Rac8 16. e5 Nh5 17. Qxd7 Qc5+ 18. Kh1 Rxc7 19. Qg4 Na3 20.
Rb3 Nxc2 21. Re4 Qa5 22. e6 Rxc3 23. exf7+ Rxf7 24. Re8+ Rf8 25. Qe6+ Kh8 26.
Rxf8# 1-0

[Event "Detroit (MI Action/3/9)"]
[Site "?"]
[Date "1995.??.??"]
[Round "?"]
[White "Wood, C."]
[Black "Kane, Paul"]
[Result "0-1"]
[WhiteElo "1605"]
[BlackElo "1605"]
[PlyCount "58"]
[EventDate "1995.??.??"]

{3/(9)} 1. c4 Nf6 2. g3 g6 3. Bg2 Bg7 4. Nf3 O-O 5. O-O d6 6. d3 e5 7. Nc3 Nc6
8. Bg5 h6 9. Be3 Ng4 10. Bd2 f5 11. h3 Nf6 12. Qc1 Kh7 13. a3 g5 14. b4 e4 15.
dxe4 Nxe4 16. Nxe4 fxe4 17. Qc2 Bf5 18. g4 Bg6 19. Nxg5+ hxg5 20. Bxe4 Bxe4 21.
Qxe4+ Kh8 22. Rab1 Qf6 23. Qe3 Rae8 24. Qxg5 Rxe2 25. Qh5+ Kg8 26. g5 Qe5 27.
Rbe1 Nd4 28. Qh4 Rxe1 29. Rxe1 Nf3+ 0-1

[Event "Detroit (MI Action/5/9)"]
[Site "?"]
[Date "1995.??.??"]
[Round "?"]
[White "Wood, C."]
[Black "Jointer, William"]
[Result "0-1"]
[WhiteElo "1605"]
[BlackElo "1700"]
[PlyCount "86"]
[EventDate "1995.??.??"]

{5/(9)} 1. c4 e5 2. g3 Nf6 3. Bg2 Bc5 4. Nc3 O-O 5. d3 Ng4 6. Ne4 Bb6 7. c5
Ba5+ 8. Bd2 f5 9. Bxa5 fxe4 10. Qb3+ Kh8 11. Bxe4 Nxf2 12. Bxb7 Bxb7 13. Qxb7
Nc6 14. Bxc7 Qg5 15. Bd6 Nxd3+ 16. exd3 Qe3+ 17. Ne2 Nd4 18. Qe4 Nf3+ 19. Qxf3
Rxf3 20. Rf1 Rxf1+ 21. Kxf1 Qf3+ 22. Ke1 Qh1+ 23. Kd2 Qxa1 24. Bxe5 Qxa2 25.
Nf4 Qa5+ 26. Ke3 Qxc5+ 27. d4 Qc1+ 28. Ke4 Qxb2 29. Nh5 Qe2+ 30. Kf5 Qxh5+ 31.
Ke4 Re8 32. Kd5 Rxe5+ 33. dxe5 Qxh2 34. Kd6 Qxg3 35. Kxd7 Qxe5 36. Kc6 h5 37.
Kb7 h4 38. Ka6 h3 39. Kb7 h2 40. Ka6 Qb2 41. Ka5 h1=Q 42. Ka4 Qhb7 43. Ka5
Q7b5# 0-1

[Event "Detroit (WCO/4/15)"]
[Site "?"]
[Date "1995.??.??"]
[Round "?"]
[White "Wood, C."]
[Black "Ford, D."]
[Result "0-1"]
[WhiteElo "1605"]
[BlackElo "1605"]
[PlyCount "128"]
[EventDate "1995.??.??"]

{4/(15)} 1. c4 d5 2. cxd5 Qxd5 3. Nc3 Qd8 4. Nf3 Nc6 5. g3 e5 6. Bg2 e4 7. Nxe4
Nf6 8. Nxf6+ Qxf6 9. O-O Bd6 10. d3 O-O 11. Rb1 h6 12. Bd2 Bb4 13. Qc2 Bg4 14.
Bxb4 Nxb4 15. Qxc7 Nxa2 16. Qc4 Be6 17. Qa4 a6 18. Qc2 Nb4 19. Qc5 Nd5 20. Nd2
b6 21. Qc1 Rac8 22. Qd1 Rfe8 23. Ne4 Qe7 24. Rc1 Rxc1 25. Qxc1 Rc8 26. Qd2 a5
27. Rc1 Rxc1+ 28. Qxc1 a4 29. Qc6 f5 30. Nd2 Qd7 31. Bxd5 Qxd5 32. Qxd5 Bxd5
33. f3 g5 34. e4 Be6 35. Kf2 Kf7 36. e5 Ke7 37. Ke3 Kd7 38. f4 g4 39. Kd4 Kc6
40. Kc3 Kc5 41. d4+ Kd5 42. Kb4 Kxd4 43. Kxa4 Ke3 44. Nb3 Kf2 45. Nd4 Bd7+ 46.
Kb4 Kg2 47. e6 Bxe6 48. Nxe6 Kxh2 49. Ng7 Kxg3 50. Nxf5+ Kxf4 51. Nxh6 g3 52.
Ng4 Kxg4 53. Kc4 g2 54. b4 g1=Q 55. Kb5 Qf1+ 56. Kxb6 Qf7 57. b5 Kf5 58. Kc6
Qc4+ 59. Kb6 Ke6 60. Kb7 Qxb5+ 61. Kc8 Qd7+ 62. Kb8 Kd6 63. Ka8 Kc6 64. Kb8
Qb7# 0-1

[Event "Detroit (MI Action/1/6)"]
[Site "?"]
[Date "1995.??.??"]
[Round "?"]
[White "Wood, C."]
[Black "Aldrich, Jeff"]
[Result "0-1"]
[WhiteElo "1605"]
[BlackElo "1915"]
[PlyCount "54"]
[EventDate "1995.??.??"]

{1/(6)} 1. c4 c6 2. g3 d5 3. cxd5 cxd5 4. Bg2 Nf6 5. d3 Nc6 6. Nf3 Bg4 7. O-O
Qd7 8. Re1 e5 9. Be3 h6 10. a3 Rc8 11. Bxa7 Bxf3 12. Bxf3 Nxa7 13. Nd2 Bd6 14.
Qb3 Bb8 15. Rac1 O-O 16. Rc2 Rxc2 17. Qxc2 Rc8 18. Qb1 Qc7 19. Nb3 Qb6 20. Nd2
Nb5 21. Rc1 Rxc1+ 22. Qxc1 Qc6 23. Qxc6 bxc6 24. e4 Nd4 25. Bg2 Ne2+ 26. Kf1
Nc1 27. exd5 cxd5 $138 0-1

[Event "East Lansing (MI Op/3/15)"]
[Site "?"]
[Date "1995.??.??"]
[Round "?"]
[White "Wisckol, Richard"]
[Black "Ward, Tom"]
[Result "0-1"]
[WhiteElo "1895"]
[BlackElo "2210"]
[PlyCount "80"]
[EventDate "1995.??.??"]

{3/(15)} 1. c4 e5 2. Nc3 Nc6 3. g3 g6 4. Bg2 Bg7 5. Nf3 d6 6. O-O f5 7. d3 Nf6
8. e3 O-O 9. a3 h6 10. Qc2 Be6 11. b3 g5 12. d4 e4 13. d5 exf3 14. Bxf3 Ne5 15.
Bg2 Bd7 16. Bd2 Qe8 17. Rae1 g4 18. f4 gxf3 19. Bxf3 Nxf3+ 20. Rxf3 Ne4 21.
Nxe4 Qxe4 22. Qxe4 fxe4 23. Rf4 Rxf4 24. exf4 Bd4+ 25. Be3 Bxe3+ 26. Rxe3 Re8
27. Kg2 Bg4 28. h3 Bf3+ 29. Kf2 h5 30. Rc3 c6 31. Ke3 c5 32. Rc2 Kf7 33. Rb2
Rg8 34. Kf2 Kf6 35. b4 b6 36. Rb1 Kf5 37. Rg1 h4 38. g4+ Kxf4 39. Re1 cxb4 40.
axb4 Rc8 0-1

[Event "East Lansing (MI Op/4/25)"]
[Site "?"]
[Date "1995.??.??"]
[Round "?"]
[White "Wisckol, Richard"]
[Black "Kende, M."]
[Result "1/2-1/2"]
[WhiteElo "1895"]
[BlackElo "2015"]
[PlyCount "64"]
[EventDate "1995.??.??"]

{4/(25)} 1. c4 e5 2. Nc3 Nc6 3. g3 g6 4. Bg2 Bg7 5. e3 d6 6. Nge2 Nge7 7. O-O
O-O 8. Rb1 Bf5 9. d3 Qd7 10. b4 Bh3 11. b5 Bxg2 12. Kxg2 Nd8 13. Bd2 Ne6 14. f4
f5 15. Na4 exf4 16. Nxf4 Nxf4+ 17. exf4 Rfe8 18. Bc3 Bxc3 19. Nxc3 Kg7 20. Qf3
b6 21. Rfe1 a6 22. Re2 axb5 23. cxb5 Ra3 24. Qe3 c5 25. Qd2 Raa8 26. Rbe1 d5
27. d4 c4 28. Re6 Ng8 29. Qe2 Rxe6 30. Qxe6 Qxe6 31. Rxe6 Nf6 32. Rxb6 Ra3
1/2-1/2

[Event "East Lansing (MI Op/7/24)"]
[Site "?"]
[Date "1995.??.??"]
[Round "?"]
[White "Wisckol, Richard"]
[Black "Garrison, Ray"]
[Result "0-1"]
[WhiteElo "1895"]
[BlackElo "1945"]
[PlyCount "112"]
[EventDate "1995.??.??"]

{7/(24)} 1. c4 f5 2. Nc3 e5 3. g3 g6 4. Bg2 Bg7 5. e3 d6 6. Nge2 Nf6 7. O-O O-O
8. d3 Nc6 9. Rb1 a5 10. a3 Be6 11. Nd5 Rb8 12. b4 axb4 13. axb4 e4 14. Nef4 Bf7
15. d4 Nxd5 16. Nxd5 b5 17. cxb5 Nxd4 18. Bb2 Nxb5 19. Bxg7 Kxg7 20. Qd2 Bxd5
21. Qxd5 Nc3 22. Qd4+ Qf6 23. Qxf6+ Kxf6 24. Rb3 Nd5 25. Rfb1 Rb6 26. Bf1 Rfb8
27. b5 Ne7 28. Be2 d5 29. h4 c5 30. h5 c4 31. Rb4 Nc8 32. hxg6 hxg6 33. g4 Nd6
34. gxf5 gxf5 35. Ra4 Rxb5 36. Rd1 Rb2 37. Rxd5 Ke6 38. Bxc4 Nxc4 39. Rc5 Nd6
40. Rc1 Rb1 41. Rxb1 Rxb1+ 42. Kg2 Ke5 43. Ra5+ Rb5 44. Ra2 Nc4 45. Kg3 Rb3 46.
Ra8 Nxe3 47. Re8+ Kd6 48. Kf4 Kd7 49. Ra8 Ng4 50. Kxf5 Nxf2 51. Ra2 Rf3+ 52.
Ke5 e3 53. Re2 Ng4+ 54. Ke4 Rf2 55. Re1 Ke6 56. Ra1 Kf6 0-1

[Event "East Lansing (MEX/2/7)"]
[Site "?"]
[Date "1995.??.??"]
[Round "?"]
[White "Wilson, Vester"]
[Black "Pence, Mark"]
[Result "1-0"]
[WhiteElo "2080"]
[BlackElo "2120"]
[PlyCount "109"]
[EventDate "1995.??.??"]

{2/(7)} 1. e4 c5 2. Nf3 d6 3. d4 cxd4 4. Nxd4 a6 5. Nc3 Nf6 6. f3 e5 7. Nb3 Be6
8. Bg5 Nbd7 9. Qd2 Be7 10. O-O-O h6 11. Be3 Rc8 12. g4 Qc7 13. h4 b5 14. Kb1 b4
15. Ne2 a5 16. Nec1 a4 17. Na1 d5 18. g5 hxg5 19. hxg5 Rxh1 20. gxf6 Bxf6 21.
Qxb4 d4 22. Bd2 Qa7 23. Qb5 Rb8 24. Qd3 Qb6 25. b3 Be7 26. f4 exf4 27. Bxf4 Rc8
28. Qg3 g6 29. Be5 Bc5 30. Nd3 axb3 31. cxb3 Ba3 32. Nb2 Rc3 33. Qf4 Bxb2 34.
Kxb2 Nxe5 35. Qxe5 Rh5 36. Qxd4 Qxd4 37. Rxd4 Rf3 38. Bd3 Rh2+ 39. Nc2 Rhh3 40.
Nb4 Ke7 41. a4 g5 42. a5 Rh8 43. e5 Re3 44. Nc6+ Kf8 45. a6 Kg7 46. b4 Ra8 47.
b5 Rxd3 48. Rxd3 Bc4 49. Rd8 Bxb5 50. Rxa8 Bxc6 51. Rc8 Bf3 52. a7 Kg6 53. Kc3
Kf5 54. Kd4 g4 55. a8=Q 1-0

[Event "East Lansing (MEX/5/6)"]
[Site "?"]
[Date "1995.??.??"]
[Round "?"]
[White "Wilson, Vester"]
[Black "Mills, J."]
[Result "0-1"]
[WhiteElo "2080"]
[BlackElo "2215"]
[PlyCount "111"]
[EventDate "1995.??.??"]

{5/(6)} 1. e4 c6 2. d4 d5 3. exd5 cxd5 4. Bd3 g6 5. Bf4 Bg7 6. c3 Nc6 7. Qe2
Nh6 8. Nd2 Bf5 9. Bb5 Rc8 10. f3 a6 11. Ba4 Qa5 12. Bb3 f6 13. h4 O-O 14. g4
Bd7 15. h5 g5 16. Be3 Rfe8 17. Qd3 e5 18. dxe5 Rxe5 19. Rh2 Rxe3+ 20. Qxe3 Re8
21. Ne4 Kh8 22. O-O-O Rxe4 23. fxe4 Nxg4 24. Qg3 Nxh2 25. Qxh2 d4 26. Qd6 Bg4
27. Rxd4 Qe5 28. Qxe5 fxe5 29. Rd6 Bf8 30. Rf6 Be7 31. Rf1 Bxh5 32. Bd5 Kg7 33.
b4 Bg6 34. Ne2 g4 35. Ng3 h5 36. Nf5+ Bxf5 37. exf5 Bg5+ 38. Kd1 Kf6 39. Ke2 h4
40. Be4 Bf4 41. Rd1 h3 42. Rd6+ Ke7 43. Rg6 g3 44. Rg7+ Kf6 45. Rg6+ Ke7 46.
Kf1 g2+ 47. Bxg2 hxg2+ 48. Kxg2 Bd2 49. Rg7+ Kf6 50. Rxb7 Kxf5 51. Rb6 Ne7 52.
Rxa6 Nd5 53. Rd6 Nf4+ 54. Kf2 Bxc3 55. b5 Bb4 56. Rd7 0-1

[Event "Detroit (MI Team/1/1/1)"]
[Site "?"]
[Date "1995.??.??"]
[Round "?"]
[White "Williams, Ron"]
[Black "Vukadinov, M."]
[Result "0-1"]
[WhiteElo "1920"]
[BlackElo "2425"]
[PlyCount "97"]
[EventDate "1995.??.??"]

{1/1} 1. c4 Nf6 2. Nc3 c5 3. Nf3 g6 4. g3 b6 5. Bg2 Bb7 6. O-O Bg7 7. d3 O-O 8.
e4 d6 9. h3 Nc6 10. Be3 Ne8 11. Qd2 e6 12. Ng5 Nd4 13. f4 h6 14. Nf3 Nxf3+ 15.
Bxf3 f5 16. Rad1 Rc8 17. Rf2 Qe7 18. a4 a6 19. Rdf1 Bc6 20. b3 Qf6 21. Rc1 Qe7
22. Bg2 Nf6 23. Re2 Qb7 24. Qc2 Nh5 25. Kh2 Rce8 26. Rf1 Bxc3 27. Qxc3 Ng7 28.
Bc1 d5 29. Qe1 d4 30. Ba3 a5 31. Qf2 e5 32. Bc1 exf4 33. gxf4 fxe4 34. dxe4
Bxe4 35. Qg3 Bxg2 36. Rxg2 Re6 37. Rfg1 Nf5 38. Qg4 Qe7 39. Rf2 Kh7 40. Qf3 Re4
41. Qg4 Rf6 42. h4 h5 43. Qg5 Rfe6 44. Kh3 Qxg5 45. Rxg5 Re1 46. Bd2 Rb1 47.
Rfg2 Rxb3+ 48. Kh2 Nxh4 49. R2g3 0-1

[Event "Detroit (MI Team/3/3/2)"]
[Site "?"]
[Date "1995.??.??"]
[Round "?"]
[White "Williams, Ron"]
[Black "Rosenberg, Steve"]
[Result "1-0"]
[WhiteElo "1920"]
[BlackElo "1725"]
[PlyCount "92"]
[EventDate "1995.??.??"]

{3/3} 1. c4 Nf6 2. Nc3 g6 3. Nf3 Bg7 4. g3 d6 5. Bg2 e5 6. e4 c5 7. O-O Nc6 8.
d3 O-O 9. h3 Be6 10. Be3 Qd7 11. Ng5 h6 12. Nxe6 fxe6 13. h4 Nd4 14. Bh3 Qe7
15. Bxd4 exd4 16. Ne2 Nh5 17. Kg2 e5 18. Qd2 Rf7 19. b4 Raf8 20. f3 Kh7 21. Rf2
b6 22. a4 cxb4 23. Qxb4 Bh8 24. a5 bxa5 25. Qxa5 Rb8 26. Qd2 Qf6 27. Ra6 Qe7
28. Qa2 Rb7 29. Qa3 Rb6 30. Ng1 Rxa6 31. Qxa6 Ng7 32. Ra2 Ne6 33. Bxe6 Qxe6 34.
Qc6 Qd7 35. Qd5 Bg7 36. Rb2 Bf6 37. Rb8 Re7 38. Qa8 Rf7 39. Nh3 Qe7 40. Nf2 Bg7
41. Nh3 Qf6 42. Ng1 g5 43. hxg5 hxg5 44. Rb7 g4 45. Rxf7 gxf3+ 46. Nxf3 Qxf7
1-0